[Event "Norway Chess 5th"]
[Site "Stavanger"]
[Date "2017.06.15"]
[Round "8"]
[White "Carlsen, Magnus"]
[Black "Karjakin, Sergey"]
[Result "1-0"]
[WhiteElo "2832"]
[BlackElo "2781"]
[Annotator "Yermolinsky,Alex "]
[PlyCount "87"]
[EventDate "2017.06.06"]
[EventType "tourn"]
[EventRounds "9"]
[EventCountry "NOR"]
[EventCategory "22"]
[SourceTitle "CBM 179"]
[Source "ChessBase"]
[SourceDate "2017.07.12"]
[SourceVersion "1"]
[SourceVersionDate "2017.07.12"]
[SourceQuality "1"]

1. d4 Nf6 2. c4 e6 3. Nc3 Bb4 4. e3 O-O 5. Bd3 d5 6. cxd5 exd5 7. Nge2 {A modest system, but not without venom. White plans a classic Botvinnik Pawn Roller, made famous by his win over Capablanca, AVRO 1938.} Re8 8. Bd2 Bf8 {The most solid choice.} ({Unlike in similar lines of the QGD, where the white bishop goes to g5, here White's K-side seems a bit vulnerable, so} 8... Bd6 {has been tried on numerous occasions.} 9. O-O c6 10. Rc1 {Khismatullin-Anand, World Rapid 2015.} {Vishy chose} Ng4 $5 ({The tempting} 10... Bxh2+ {doesn't quite work here:} 11. Kxh2 Ng4+ 12. Kg3 $1 Qd6+ 13. f4 ({White can also contemplate} 13. Nf4 $5 g5 14. Rh1 f5 15. f3 $1 Nxe3 16. Bxe3 Rxe3 17. Ncxd5 $1 gxf4+ 18. Nxf4 {where he will soon get his turn to take potshots at the enemy king.}) 13... Rxe3+ 14. Bxe3 Nxe3 15. Qd2 $18) 11. h3 $2 (11. g3 {is normal}) 11... Nh2 12. Re1 Nf3+ 13. gxf3 Qg5+ 14. Kh1 {and should have won the game, but for some reason he rejected the obvious} Bxh3 ({The game went} 14... Qh4 15. Nf4 Bxh3 16. Ng2 Qxf2 17. Bf1 Re6 18. e4 Qg3 $2 19. e5 Bxg2+ 20. Bxg2 Qh4+ 21. Kg1 Qxd4+ 22. Be3 {and White eventually won})) 9. O-O b6 (9... c6 10. Rc1 a5 11. f3 b5 $5 12. Ng3 Ba6 13. Nce2 b4 14. Bxa6 Rxa6 {Jobava-Mareco, World Rapid 2016, Two of my favourite players slugging it out!}) 10. Rc1 c5 11. Nf4 ({RR} 11. Bb5 Bd7 12. Bd3 Nc6 13. f3 g6 14. Kh1 Rb8 15. Bb1 Rc8 16. Be1 Bh6 17. Bh4 Be6 18. dxc5 Bxe3 19. cxb6 axb6 20. f4 Bg4 21. Bxf6 Qxf6 22. Nxd5 Qh4 23. g3 Qd8 24. Nxe3 Qxd1 25. Nxd1 Bxe2 {Jobava,B (2669)-Karjakin,S (2774) Almaty 2016 1-0}) 11... Bb7 (11... Ba6 {appears a bit risky because of the d5-pawn coming under assault after} 12. dxc5 Bxd3 13. Nxd3 bxc5 14. Na4 c4 15. Nf4 Nc6 16. Bc3 {but, perhaps, Black can just give it away:} d4 17. exd4 Rc8 18. d5 Nb4 $44) 12. Qf3 Na6 {Dull, standard play.} ({Ivan Saric tried to uphold Black's colors (Jolly Roger?) a couple of times. One of his efforts saw} 12... Nc6 $5 13. Ncxd5 Nxd5 14. Nxd5 Ne5 15. dxe5 Qxd5 16. Qxd5 Bxd5 17. Bc3 Bxa2 {Martinovic-Saric, 2017. Black doesn't look to be worse at all.}) ({I like} 12... Bc6 $5 {There's no white knight anywhere near e5, and Black is planning to follow up c5-c4 with b6-b5!}) ({RR} 12... Nc6 13. Nfxd5 Nxd5 14. Nxd5 Ne5 15. dxe5 Qxd5 16. Qxd5 Bxd5 17. a4 Rxe5 18. Bc3 Ree8 19. Rfd1 Red8 20. Bb5 a6 21. Rxd5 Rxd5 22. Bc6 Rad8 23. Bxd5 Rxd5 24. Kf1 f5 25. Ke2 Kf7 26. h3 h5 27. b3 {Praggnanandhaa,R (2757)-Martirosyan,H (2661) Biel SUI 2024 ½-½ (40)}) 13. Rfd1 cxd4 $146 {True to his newfound identity of "MInister of Defence" Sergey dutifully accepts a slightly worse position.} ({Truth be told,} 13... Nc7 $6 14. dxc5 $1 bxc5 15. Na4 Ne4 16. Ba5 Qe7 17. b4 $1 {would have been a much worse outcome.}) ({RR} 13... Nc7 14. dxc5 bxc5 15. Na4 Nd7 16. Ba5 Bc6 17. Bxc7 Qxc7 18. Nxd5 Qb7 19. Qh3 g6 20. Bc4 Bxa4 21. Qf3 Bc6 22. b4 cxb4 23. Ba6 Bxd5 24. Bxb7 Bxf3 25. Bxf3 Nc5 26. Bxa8 Rxa8 27. Rd5 Rc8 28. Rd7 {Nguyen,C (2370)-Fayard,A (2212) Paris 2014 ½-½ (46)}) 14. exd4 Nc7 15. Bc2 Bd6 16. Be3 Ne4 $1 17. Ba4 Re7 18. Bb3 Qd7 19. h3 Nxc3 20. bxc3 $5 {Magnus is desperate to unbalance the position. Actually, the resulting pawn structure is not that bad: with d4 defended White can concentrate on the d5-pawn.} (20. Rxc3 Rae8 21. Rdc1 g6 {doesn't lead White anywhere.}) 20... Bc6 21. Nh5 Re6 22. Bc2 $2 {Oh, Magnus...} ({First} 22. Re1 $1 {then c2 to keep that bishop alive!}) 22... Ba4 $1 {Being Magnus at this moment in time: no wins to his credit, no chance to contend for first place, the media demanding explanations, the chess internet swirling with rumours, the damned glasses make his head ache... He just had to do something about it.} 23. c4 $5 dxc4 24. d5 Rg6 $1 {So far Sergey is showing himself up to the task.} 25. Bd4 (25. Bxg6 fxg6 26. Ng3 Bxd1 27. Rxd1 Qf7 $17) ({Objectively best was} 25. Bxa4 Qxa4 26. Nf4 Rf6 27. Qg4) 25... Bxc2 26. Rxc2 Qa4 27. Rcc1 Qxa2 $2 {I love the concrete approach to positions, but every once in a while we should think like Petrosian.} ({The natural defensive move} 27... Ne8 $1 {would leave Carlsen staring at the dreadful possibility of a third defeat in this tournament and the loss of the Number One position in the Live Ratings list for the first time since 2011.}) 28. Nxg7 $1 Rxg7 29. Bxg7 Kxg7 30. Qg4+ Kf8 31. Qh4 Qb2 32. Rxc4 $2 {In looming time trouble Magnus lets the black king escape.} (32. Qh6+ Ke7 33. Rxc4 Qe5 34. Kf1 {White's intiative should net him more pawns, such as is the case in} Kd7 35. Qxh7 Re8 36. Qxf7+ Kd8 37. Qf3 Qh2 38. g4 {although he's hardly better here.}) 32... Ne8 $2 ({The position after the obvious} 32... Kg7 33. g3 Kh8 {favours Black}) 33. Re1 Qf6 34. Qxh7 Qg7 35. Qc2 Qf6 36. Rg4 Bc5 37. Re2 Qh6 38. g3 Nf6 39. Rh4 Qg7 40. Kg2 Qg5 $6 ({If only Sergey had another minute to calculate} 40... Nxd5 {as completely safe he would have never lost this game.} 41. Qf5 Rd8 42. Re6 a5 43. Reh6 Bd4 {etc.}) 41. Qc3 Bd6 $2 {This howler was a product of a 25 minute think.} ({Still,} 41... Qg7 $11) 42. Rh8+ Ng8 43. Re4 Qg7 44. Rxg8+ $1 (44. Rxg8+ Qxg8 45. Qf6 Bc5 46. Rg4 Qh7 47. d6 $18) 1-0

[Event "Sinquefield Cup 5th"]
[Site "Saint Louis"]
[Date "2017.08.08"]
[Round "6"]
[White "Carlsen, Magnus"]
[Black "Nakamura, Hikaru"]
[Result "1/2-1/2"]
[WhiteElo "2822"]
[BlackElo "2792"]
[Annotator "Krasenkow,Michal"]
[PlyCount "188"]
[EventDate "2017.08.02"]
[EventType "tourn"]
[EventRounds "9"]
[EventCountry "USA"]
[EventCategory "22"]
[SourceTitle "CBM 180"]
[Source "ChessBase"]
[SourceDate "2017.09.13"]
[SourceVersion "1"]
[SourceVersionDate "2017.09.13"]
[SourceQuality "1"]

1. d4 Nf6 2. c4 e6 3. Nf3 d5 4. Nc3 Be7 5. Bf4 O-O 6. e3 c5 7. dxc5 Bxc5 8. cxd5 Nxd5 9. Nxd5 exd5 10. Bd3 Bb4+ 11. Nd2 {This doesn't look like a dangerous continuation. The knight will return to f3 losing precious time. Still, Black's isolated d5 pawn requires accurate play from him.} (11. Ke2 {is the main line.}) ({RR} 11. Ke2) 11... Nc6 12. O-O Be7 (12... Be6 13. Nf3 (13. Nb3 Qf6 14. a3 Be7 15. Qd2 Rfd8 16. Nd4 Nxd4 17. exd4 Bf5 $11 {1/2 (21) Yu,Y (2738)-Nakamura,H (2785) Caleta 2017}) 13... Be7 (13... Bg4 14. h3 Bh5 15. Be2 Re8 16. Rc1 Be7 17. Ne5 Bxe2 18. Qxe2 Qb6 19. Rfd1 Rad8 20. Qc2 Nxe5 21. Bxe5 Rd7 22. Rd3 $14 {1-0 (54) Gabriel,R (2255)-Klovans,J (2440) Schwaebisch Gmuend 1993}) 14. Rc1 Bf6 15. a3 Qe7 16. b4 a6 17. h3 Rac8 18. Rc5 a5 19. Qb1 axb4 20. axb4 {1-0 (33) Nepomniachtchi,I (2742)-Nakamura,H (2792) Saint Louis 2017} h6 $11) 13. Rc1 (13. Nb3 Bf6 14. Qd2 Be6 15. Rac1 Rc8 16. Nc5 Qe7 17. Rc2 Ne5 18. Nxe6 Qxe6 19. Bxe5 Bxe5 20. Rfc1 Rxc2 21. Qxc2 g6 $11 {1/2 (34) Lputian,S (2495)-Timoscenko,G (2440) Irkutsk 1983}) (13. a3 Bf6 14. Nf3 (14. Rc1 g6 15. b4 a5 ({RR} 15... Qe7 16. Nf3 ({RR} 16. Bb5 Ne5 17. Nb3 Bg4 18. f3 Be6 19. Nd4 Rac8 20. Bxe5 Bxe5 21. Qd2 Rxc1 22. Rxc1 Rc8 23. Rxc8+ Bxc8 24. Be2 Qf6 25. f4 Bxd4 26. Qxd4 Qxd4 27. exd4 f6 28. Bf3 Be6 29. f5 gxf5) 16... Rd8 17. h3 Ne5 18. Nxe5 Bxe5 19. Qd2 a5 20. bxa5 Bxf4 21. exf4 Qxa3 22. Ra1 Qd6 23. Rfb1 Qf6 24. Ra2 Rd6 25. Rc2 Rc6 26. Rxc6 bxc6 27. Qb4 Qd8 28. Ra1 Ba6 29. Bxa6 Rxa6) 16. b5 Ne5 17. Be2 Be6 18. Nb3 Qe7 19. a4 Rfd8 20. Nd4 Nc4 21. b6 {1/2 (41) Kalinitschew,S (2426)-Meier,G (2644) Apolda 2017} Nb2 ({RR} 21... Nb2 22. Qb3 Bxd4 23. exd4 Nc4) 22. Qb3 Bxd4 23. exd4 Nc4 $11) (14. Qc2 g6 (14... h6 15. Nb3 Re8 16. Rab1 Qe7 17. Qc5 Ne5 18. Qxe7 Rxe7 19. Bxe5 Bxe5 20. Rfc1 Be6 $11 {1/2 (24) Blagojevic,N (2300)-Abramovic,B (2500) Niksic 1997}) ({RR} 14... h6 15. Nb3 Re8 16. Rab1 Qe7 17. Qc5 Ne5 18. Qxe7 Rxe7 19. Bxe5 Bxe5 20. Rfc1 Be6) 15. Rac1 Be6 16. Nb3 Rc8 17. Nc5 Ne5 18. Bxe5 Bxe5 19. f4 Bg7 20. Nxe6 {1/2 (20) Korchnoi V (2634)-Kasimdzhanov R (2653) Bled (ol) 2002 2003}) ({RR} 14. Qc2 g6 15. Rac1 Be6 16. Nb3 Rc8 17. Nc5 Ne5 18. Bxe5 Bxe5 19. f4 Bg7 20. Nxe6) 14... Qe7 15. h3 g6 16. Qd2 Be6 17. Rac1 Rfd8 18. b4 a6 19. Rc2 Qd7 20. Rfc1 Bf5 21. Bxf5 Qxf5 22. Bc7 Rd7 23. Bb6 Qe4 24. Rd1 Bd8 25. Bc5 Bc7 26. Qd3 Rad8 27. Rcd2 Qxd3 28. Rxd3 f6 $11 {1/2 (76) Giri,A (2771)-Karjakin,S (2781) Stavanger 2017}) ({RR} 13. h3 Bf6 14. Nf3 h6 15. Rb1 a5 16. a3 d4 17. e4 Re8 18. Qd2 a4 19. Rbe1 Qa5 20. Qxa5 Rxa5 21. Bc7 Ra8 22. e5 Be7 23. Bb6 Be6 24. Rc1 Bd8 25. Bc5 Bc7 26. Bb5 Bd5 27. Bxc6 bxc6 {Giri,A (2748)-Gukesh,D (2776) Zagreb CRO 2025 ½-½ (100)}) ({RR} 13. Nb3 Bf6 14. Qd2 Be6 15. Rac1 Rc8 16. Nc5 Qe7 17. Rc2 Ne5 18. Nxe6 Qxe6 19. Bxe5 Bxe5 20. Rfc1 Rxc2 21. Qxc2 g6) ({RR} 13. a3 Bf6 14. Nf3 Qe7 15. h3 g6 16. Qd2 Be6 17. Rac1 Rfd8 18. b4 a6 19. Rc2 Qd7 20. Rfc1 Bf5 21. Bxf5 Qxf5 22. Bc7 Rd7 23. Bb6 Qe4 24. Rd1 Bd8 25. Bc5 Bc7 26. Qd3 Rad8 27. Rcd2 Qxd3) 13... Bf6 14. Nf3 (14. Qb3 Qb6 15. Qxd5 Nb4 16. Qe4 Nxd3 17. Qxd3 Rd8 18. Qc2 Qxb2 19. Ne4 Qxc2 20. Nxf6+ gxf6 21. Rxc2 Be6 22. Rfc1 {1/2 (22) Nyback,T (2639)-Solozhenkin,E (2511) Finland 2009}) ({RR} 14. a3 g6 ({RR} 14... Be6 15. b4 Qb6 16. b5 Ne5 17. Bxe5 Bxe5 18. Bxh7+ Kxh7 19. Qh5+ Kg8 20. Qxe5 d4 21. Qxd4 Qxb5 22. Qa1 Rfd8 23. Nf3 Bd5 24. Nd4 Qd7 25. Rfd1 Rac8 26. h3 b6 27. Qb2 Bb7 28. Qe2 Rc5 29. Qg4) 15. Qb3 ({RR} 15. b4 a5 16. b5 Ne5 17. Be2 Be6 18. Nb3 Qe7 19. a4 Rfd8 20. Nd4 Nc4 21. b6 Be5 22. Rxc4 Bxf4 23. Nxe6 dxc4 24. Nxd8 Rxd8 25. Qc2 Bd6 26. Bxc4 Bc5 27. Rb1 Bb4 28. Rd1 Rxd1+ 29. Qxd1 Kg7) 15... a5 16. Bb5 Be6 17. Rfd1 Rc8 18. Bf1 Qe7 19. Qb5 Rfd8 20. h3 a4 21. b3 Qxa3 22. bxa4 Nd4 23. Qd3 Qxd3 24. Bxd3 Rxc1 25. Rxc1 Nc6 26. Nb3 g5 27. Bg3 d4 28. Nc5 dxe3 {Shevchenko,K (2622)-Carlsen,M (2828) Warsaw, Poland 2024 ½-½ (57)}) ({RR} 14. Qb3 Qb6 15. Qxd5 Nb4 16. Qe4 Nxd3 17. Qxd3 Rd8 18. Qc2 Qxb2 19. Ne4 Qxc2 20. Nxf6+ gxf6 21. Rxc2 Be6 22. Rfc1) 14... Qe7 $146 (14... Bxb2 15. Bxh7+ Kxh7 16. Qc2+ Kg8 17. Qxb2 {is favourable for White: the isolani is still on the board, and the position of Black's king is now weak.}) ({but} 14... Re8 15. h3 Qb6 {was probably more active.}) (14... Be6 $5 {transposes to Nepomniachtchi - Nakamura (see above).}) ({RR} 14... Qb6 15. Bd6 Rd8 16. Bc5 Qa5 17. Qb3 Rb8 18. Qb5 Qxb5 19. Bxb5 Bxb2 20. Rc2 b6 21. Bxc6 bxc5 22. Rxc5 Be6 23. Ng5 d4 24. Nxe6 fxe6 25. exd4 Bxd4 26. Rc2 Rb2 27. Rxb2 Bxb2 28. Ba4 Kf7 29. Rd1 {Swiercz,D (2638)-Meier,G (2651) Saint Louis 2017 ½-½}) ({RR} 14... Bxb2 15. Bxh7+ Kxh7 16. Qc2+ Kg8 17. Qxb2) ({RR} 14... Re8 15. h3 Qb6) ({RR} 14... Be6 15. a3 Qe7 16. b4 a6 17. h3 Rac8 18. Rc5 a5 19. Qb1 axb4 20. axb4 h6) 15. h3 g6 16. Bb5 $5 Bd7 (16... Bxb2 17. Bxc6 Bxc1 (17... bxc6 18. Rxc6 $14) ({RR} 17... bxc6 18. Rxc6) 18. Bxd5 {[%cal Rd1c1,Rf4d6]} Ba3 19. Bh6 {[%cal Rd1d4]} Be6 20. Qd4 f6 21. Bxf8 Kxf8 22. Bxe6 Qxe6 23. Rd1 $14 {[%csl Rf8]}) ({RR} 16... Bxb2 17. Bxc6 Bxc1 18. Bxd5 Ba3 19. Bh6 Be6 20. Qd4 f6 21. Bxf8 Kxf8 22. Bxe6 Qxe6 23. Rd1) 17. Qxd5 Be6 (17... Bxb2 18. Rb1 Be6 19. Qd2 Ba3 20. Bh6 Rfc8 21. Ng5 $36) ({RR} 17... Bxb2 18. Rb1 Be6 19. Qd2 Ba3 20. Bh6 Rfc8 21. Ng5) 18. Qe4 (18. Qc5 $5 Qxc5 19. Rxc5 Bxa2 (19... Bxb2 20. Ng5) ({RR} 19... Bxb2 20. Ng5) 20. Bxc6 bxc6 21. Rxc6 $14 {, and Black should hold this ending with accurate defence.}) ({RR} 18. Qc5 Qxc5 19. Rxc5 Bxa2 20. Bxc6 bxc6 21. Rxc6) 18... Bxb2 (18... Bxa2 19. Bxc6 bxc6 20. Qxe7 Bxe7 21. Nd4 $16) ({RR} 18... Bxa2 19. Bxc6 bxc6 20. Qxe7 Bxe7 21. Nd4) 19. Bxc6 f5 $1 {An excellent defence.} (19... Bxc1 $2 20. Bxb7 $16) (19... bxc6 20. Rxc6 $16) ({RR} 19... Bxc1 20. Bxb7) ({RR} 19... bxc6 20. Rxc6) 20. Bg5 (20. Qb1 Bxc1 21. Qxb7 (21. Bxb7 Bxe3 $1 22. fxe3 Rab8 $11) ({RR} 21. Bxb7 Bxe3 22. fxe3 Rab8) 21... Qxb7 22. Bxb7 Rac8 23. Bxc8 Rxc8 {, and Black should not lose.}) ({RR} 20. Qb1 Bxc1 21. Qxb7 Qxb7 22. Bxb7 Rac8 23. Bxc8 Rxc8) 20... fxe4 21. Bxe7 Bxc1 22. Bxb7 (22. Bxf8 bxc6 23. Nd4 Bxa2 24. Rxc1 Kxf8 25. Nxc6 Bd5 26. Nb4 Be6 27. Na6 Rc8 28. Rxc8+ Bxc8 29. Nc5 a5 $11) ({RR} 22. Bxf8 bxc6 23. Nd4 Bxa2 24. Rxc1 Kxf8 25. Nxc6 Bd5 26. Nb4 Be6 27. Na6 Rc8 28. Rxc8+ Bxc8 29. Nc5 a5) 22... Bxe3 $1 23. Bxf8 Rxf8 24. fxe3 exf3 25. Bxf3 Rb8 $14 {[%mdl 4096] White's extra e3-pawn (rather weak than passed) can hardly be converted but the World Champion manages to create good chances from nothing.} 26. a4 Rb4 27. Bc6 Rc4 28. Bb5 Re4 29. Rd1 a6 30. Bxa6 Rxa4 31. Bb7 Kf7 32. Kf2 Kf6 33. Bd5 Bf5 34. g4 Be6 35. Kf3 Ra5 36. Bxe6 Kxe6 37. h4 Ra2 (37... h5 $5 38. g5 Ra2 {[%cal Ya2h2]}) 38. Rb1 Ra7 39. Kf4 Ra4+ $2 {It was necessary to prevent the invasion of White's king:} (39... h6) 40. e4 Ra7 (40... h6 {is too late now:} 41. Rb6+ Kf7 42. h5 gxh5 43. gxh5 Kg7 44. Rg6+ Kh7 45. Kf5 $18) 41. Rb6+ $2 {The time control is over so Magnus Carlsen's indecision is strange.} (41. Kg5 $1 Ke5 42. Rf1 $1 Kxe4 43. Kh6 $18 {[%cal Yg4g5,Yf1f8,Yf8h8] (indicated by GM Sergey Grigoriants)}) 41... Kf7 42. Rc6 Rd7 43. g5 $2 {Closing the way for his own king, after which Black successfully defends without major problems.} ({According to various commentators,} 43. h5 $1 {was still winning - in a much more complicated way, though.}) 43... Ra7 44. Ke5 Re7+ 45. Kd5 Rd7+ 46. Rd6 Ra7 47. Rf6+ Ke7 48. Rc6 Rd7+ 49. Ke5 Ra7 50. Rc5 Rd7 51. Ra5 Kf7 52. Ra1 Re7+ 53. Kf4 Rb7 54. Ra6 Rc7 55. Kg4 Re7 56. Rf6+ Ke8 57. Kf4 Ra7 58. Rb6 Kf7 59. Ke5 Re7+ 60. Kd5 Rd7+ 61. Rd6 Ra7 62. Rd8 Ra5+ 63. Kd4 Ra4+ 64. Ke5 Ra5+ 65. Kf4 Ra7 66. Rd4 Ke6 67. Rb4 Rf7+ 68. Ke3 Ra7 69. Rb8 Re7 70. Rh8 Ra7 71. Re8+ Kf7 72. Rb8 Ke6 73. Rb6+ Kf7 74. Kf4 Re7 75. Rf6+ Ke8 76. h5 {The last attempt.} gxh5 77. e5 Rf7 $1 78. Ke4 (78. Kg3 Re7 79. e6 Ra7 80. Kh4 Ra1 81. Kxh5 Rh1+ 82. Kg4 Ke7 $11) 78... Rg7 79. Kf5 Rf7 80. Kf4 h4 81. Kg4 Re7 82. e6 Ra7 83. Rh6 (83. Kxh4 Ra1) 83... Kf8 84. Kxh4 Ra4+ 85. Kh5 (85. Kg3 Ke7) 85... Re4 86. Rf6+ Kg7 87. Rf7+ Kg8 88. Re7 Kf8 89. Rxh7 Rxe6 90. Rh6 Re1 91. Ra6 Kg7 92. Ra7+ Kg8 93. Kh6 Re6+ 94. g6 Re8 1/2-1/2

[Event "FIDE World Cup"]
[Site "Tbilisi"]
[Date "2017.09.06"]
[Round "2.1"]
[White "Dreev, Alexey"]
[Black "Carlsen, Magnus"]
[Result "0-1"]
[WhiteElo "2648"]
[BlackElo "2827"]
[Annotator "Sagar,Shah"]
[PlyCount "64"]
[EventDate "2017.09.03"]
[EventType "k.o."]
[EventRounds "7"]
[EventCountry "GEO"]
[SourceTitle "CBM 181"]
[Source "ChessBase"]
[SourceDate "2017.11.10"]
[SourceVersion "1"]
[SourceVersionDate "2017.11.10"]
[SourceQuality "1"]

1. d4 {[%emt 0:00:00]} d5 {[%emt 0:00:08]} 2. c4 {[%emt 0:00:00]} e6 {[%emt 0:00:09]} 3. Nc3 {[%emt 0:00:57]} Bb4 $5 {[%emt 0:00:07] Dreev is a well known expert in the c2 variation in the Nimzo Indian. With this move order Magnus avoids that opening.} 4. Nf3 {[%emt 0:04:20]} (4. Qc2 dxc4 {is good for Black.}) 4... Nf6 {[%emt 0:00:33]} 5. Bg5 {[%emt 0:01:45]} h6 {[%emt 0:00:14]} 6. Bxf6 {[%emt 0:00:32]} Qxf6 {[%emt 0:00:03]} 7. Qb3 {[%emt 0:00:54]} c5 {[%emt 0:00:28]} 8. cxd5 {[%emt 0:00:31]} exd5 {[%emt 0:00:10]} 9. a3 {[%emt 0:00:31]} Bxc3+ {[%emt 0:00:09]} 10. Qxc3 {[%emt 0:00:05]} c4 {[%emt 0:03:51] This is a relatively new idea.} 11. b3 {[%emt 0:03:34]} Be6 {[%emt 0:00:47]} (11... b5 12. a4) 12. Ne5 $6 {[%emt 0:16:57] This move was condemned by Magnus.} (12. e3 O-O 13. Be2 Rc8 14. O-O Nc6 15. a4 cxb3 16. a5 Qd8 17. a6 b6 18. Qxb3 Qd6 19. Rfb1 Rc7 20. h3 Rac8 21. Bd3 Kf8 22. Qb2 Qe7 23. Kf1 Na5 24. Ke2 Nc4 25. Qb4 Qxb4 26. Rxb4 Nd6 27. g4 g5 28. Nd2 Ke7 29. f3 f6 30. Nf1 Rc1 31. Rbb1 Rxb1 32. Rxb1 Rc3 33. Ra1 Nc4 34. Nd2 Nb2 35. Bb5 Bd7 36. Bxd7 Kxd7 37. Ra2 Rc2 38. e4 b5 39. Ra3 Rxd2+ 40. Kxd2 Nc4+ 41. Kc3 Nxa3 {0-1 (41) Skrondal,I (2277)-Hammer, J (2628) Sandefjord 2017}) (12. bxc4 dxc4 13. e4 {is the critical line, but here it seems Black is holding his own.} O-O 14. Be2 Nc6 $13) ({RR} 12. bxc4 dxc4 13. e4 O-O 14. Be2 b5 15. a4 b4 16. Qxb4 Nc6 17. Qc3 Rab8 18. Bxc4 Bxc4 19. Qxc4 Rb4 20. Qc5 Nxd4 21. Nxd4 Qxd4 22. Qxd4 Rxd4 23. f3 f5 24. exf5 Rxf5 25. O-O Ra5 26. Rfc1 Raxa4 {Kozak,A (2586)-Volokitin,A (2628) Fujairah City UAE 2025 ½-½ (31)}) 12... O-O {[%emt 0:05:27]} 13. e3 {[%emt 0:11:59]} Nc6 $146 {[%emt 0:16:21]} ({RR} 13... Rc8 14. Be2 Nd7 15. O-O cxb3 16. Qxb3 Nxe5 17. dxe5 Qxe5 18. Qxb7 d4 19. Qb2 Rc3 20. exd4 Qxd4 21. Rfd1 Qc5 22. Rac1 Rc8 23. Rd8+ Rxd8 24. Qxc3 Qg5 25. Rd1 Rc8 26. Qd4 a5 27. h4 Qe7 28. a4 {Khademalsharieh,S (2494)-Lei,T (2505) chess24.com INT 2021 ½-½ (38)}) ({RR} 13... Rc8 14. Be2 Nd7 15. O-O cxb3 16. Qxb3 Nxe5 17. dxe5 Qxe5 18. Qxb7 d4 19. Qb2 Rc3 20. exd4 Qxd4 21. Rfd1 Qc5 22. Rac1 Rc8 23. Rd8+ Rxd8 24. Qxc3 Qg5 25. Rd1 Rc8 26. Qd4 a5 27. h4 Qe7 28. a4 {Khademalsharieh,S (2494)-Lei,T (2505) chess24.com INT 2021 ½-½ (38)}) 14. Be2 {[%emt 0:20:19]} (14. Nxc6 bxc6 15. bxc4 Qg6 $1 {This key move gives Black the advantage.}) (14. bxc4 Nxe5 15. dxe5 Qg6 $1 $15) 14... Nxe5 {[%emt 0:02:59]} 15. dxe5 {[%emt 0:00:37]} Qg6 {[%emt 0:02:20]} 16. O-O {[%emt 0:03:25]} d4 $5 {[%emt 0:04:40]} 17. exd4 {[%emt 0:00:21]} cxb3 {[%emt 0:00:03] The b3-pawn is very strong.} 18. Bf3 {[%emt 0:08:07]} Rac8 {[%emt 0:03:21]} 19. Qe3 {[%emt 0:01:39]} Qg5 $1 {[%emt 0:02:23] With this queen exchange the b3-pawn gains in strength.} 20. Rab1 {[%emt 0:12:47]} (20. d5 Qxe3 21. fxe3 Bd7 {Black has a good position, but this might have been the best way to play.}) 20... Qxe3 {[%emt 0:01:20]} 21. fxe3 {[%emt 0:00:04]} Rfd8 {[%emt 0:05:50]} 22. Bxb7 {[%emt 0:02:15]} Rc3 {[%emt 0:03:49]} 23. d5 {[%emt 0:00:49]} Bd7 {[%emt 0:01:22]} 24. Rf4 {[%emt 0:03:25]} a5 {[%emt 0:02:59] Stopping b4.} 25. Kf2 $2 {[%emt 0:03:07]} (25. d6 {and the game goes on.}) 25... Rb8 $1 {[%emt 0:01:58]} 26. Bc6 {[%emt 0:00:51]} Bxc6 {[%emt 0:00:19]} 27. dxc6 {[%emt 0:00:02]} Rxc6 {[%emt 0:00:11]} 28. Rd4 {[%emt 0:00:38]} Rc2+ {[%emt 0:00:10]} 29. Kf3 {[%emt 0:00:39]} b2 {[%emt 0:00:07]} 30. Rdd1 {[%emt 0:00:30]} Rb5 {[%emt 0:02:46]} 31. a4 {[%emt 0:01:23]} Rxe5 {[%emt 0:00:32]} 32. Rd8+ {[%emt 0:00:58]} Kh7 {[%emt 0:00:02] And Dreev, who is already a pawn down with a hopeless position, resigned the game.} 0-1